100 лет «Черному квадрату» Казимира Малевича (Запись № 11132839)
[ простой вид ]
| 000 -МАРКЕР | |
|---|---|
| контрольное поле | 02730nam0a2200349 i 4500 |
| 001 - ИДЕНТИФИКАТОР ЗАПИСИ | |
| контрольное поле | RU\NLR\BIBL_A\011330781 |
| 005 - ИДЕНТИФИКАТОР ВЕРСИИ | |
| контрольное поле | 20260406104903.0 |
| 035 ## - ДРУГИЕ СИСТЕМНЫЕ НОМЕРА | |
| Идентификатор записи | (NLR Aleph) 011330781 |
| 100 ## - ДАННЫЕ ОБЩЕЙ ОБРАБОТКИ | |
| Данные общей обработки | 20170217d2016 km y0rusy50 ca |
| 101 0# - ЯЗЫК РЕСУРСА | |
| Язык текста, звукозаписи и т.д. | русский |
| 102 ## - СТРАНА ПУБЛИКАЦИИ ИЛИ ПРОИЗВОДСТВА | |
| Страна публикации | Российская Федерация |
| 105 ## - ПОЛЕ КОДИРОВАННЫХ ДАННЫХ: ТЕКСТОВЫЕ МАТЕРИАЛЫ, МОНОГРАФИЧЕСКИЕ | |
| Кодированные данные о монографическом текстовом документе | ac||z|||000zy |
| 200 1# - ЗАГЛАВИЕ И СВЕДЕНИЯ ОБ ОТВЕТСТВЕННОСТИ | |
| Основное заглавие | 100 лет «Черному квадрату» Казимира Малевича |
| Сведения, относящиеся к заглавию | от черного квадрата к Параллелошару |
| -- | [сборник статей по материалам конференции] |
| Первые сведения об ответственности | Науч.-исслед. конф. ["Авангард в квадрате А², концепции развития"], Санкт-Петербург, 18 декабря 2015 года |
| 210 ## - ПУБЛИКАЦИЯ, РАСПРОСТРАНЕНИЕ И ДР. | |
| Место издания, распространения и т.д. | Санкт-Петербург |
| Имя издателя, распространителя и т. д. | ДЕАН |
| Дата издания, распространения и т.д. | 2016 |
| 215 ## - ФИЗИЧЕСКАЯ ХАРАКТЕРИСТИКА | |
| Специфическое обозначение материала и объем | 49, [2] с. |
| Другие сведения о физической характеристике | ил., цв. ил., портр. |
| Размеры | 24 |
| 300 ## - ОБЩИЕ ПРИМЕЧАНИЯ | |
| Текст примечания | В надзаг.: Музей нонконформист. искусства, Союз соврем. искусства Авангард-Форум А², Арт-центр "Пушкинская-10" |
| 320 ## - ПРИМЕЧАНИЯ О НАЛИЧИИ В ДОКУМЕНТЕ БИБЛИОГРАФИИ / УКАЗАТЕЛЯ | |
| Текст примечания | Библиогр. в подстроч. примеч. |
| 517 1# - ДРУГИЕ ВАРИАНТЫ ЗАГЛАВИЯ | |
| Вариант заглавия | От черного квадрата к Параллелошару |
| 604 ## - ИМЯ И ЗАГЛАВИЕ КАК ПРЕДМЕТ | |
| Связываемые данные | 700#1$aМалевич$bК. С.$gКазимир Северинович$f1878 - 1935 |
| -- | 500##$a"Черный квадрат"$jСъезды, совещания и т.п$2nlr_sh2$3RU\NLR\AUTH\661544224 |
| Идентификатор авторитетной/нормативной записи | RU\NLR\AUTH\661544224 |
| Имя лица | Малевич, Казимир Северинович (1878 - 1935) |
| Заглавие | "Черный квадрат" |
| Формальный подзаголовок | Съезды, совещания и т.п |
| Системный номер авторитетной/нормативной записи | 2607666 |
| 606 ## - НАИМЕНОВАНИЕ ТЕМЫ КАК ПРЕДМЕТ | |
| Наименование темы | Изобразительное искусство русское |
| Формальный подзаголовок | Съезды, совещания и т.п |
| Хронологический подзаголовок | 20 - 21 вв. |
| Системный номер авторитетной/нормативной записи | 2347976 |
| Идентификатор авторитетной/нормативной записи | RU\NLR\AUTH\661402980 |
| 606 1# - НАИМЕНОВАНИЕ ТЕМЫ КАК ПРЕДМЕТ | |
| Наименование темы | Авангардизм |
| Формальный подзаголовок | Съезды, совещания и т.п |
| Тематический подзаголовок | в изобразительном искусстве |
| Географический подзаголовок | Россия |
| Системный номер авторитетной/нормативной записи | 2315345 |
| Идентификатор авторитетной/нормативной записи | RU\NLR\AUTH\6601610789 |
| 686 1# - ИНДЕКСЫ ДРУГИХ КЛАССИФИКАЦИЙ | |
| Индекс | Щ103(2Р=Рус)75я431 |
| 686 1# - ИНДЕКСЫ ДРУГИХ КЛАССИФИКАЦИЙ | |
| Индекс | Щ103(2Р=Рус)7-239я431 |
| 686 1# - ИНДЕКСЫ ДРУГИХ КЛАССИФИКАЦИЙ | |
| Индекс | Щ143(2Р=Рус)7-8Малевич я431 |
| 702 #1 - ИМЯ ЛИЦА - ВТОРИЧНАЯ ОТВЕТСТВЕННОСТЬ | |
| Код отношения | Прочие |
| Графика поля | Кириллица |
| Материалы, к которым относится поле | rus |
| Начальный элемент ввода | Малевич |
| Часть имени, кроме начального элемента ввода | К. С. |
| Дополнения к именам, кроме дат | художник |
| Даты | 1878-1935 |
| Расширение инициалов личного имени | Казимир Северинович |
| Системный номер авторитетной/нормативной записи | 81318 |
| Идентификатор авторитетной/нормативной записи | RU\NLR\AUTH\7798392 |
| 711 12 - НАИМЕНОВАНИЕ ОРГАНИЗАЦИИ - АЛЬТЕРНАТИВНАЯ ОТВЕТСТВЕННОСТЬ | |
| Начальный элемент ввода | "Авангард в квадрате А², концепции развития", научно-исследовательская конференция |
| Место проведения временной организации | Санкт-Петербург |
| Дата проведения временной организации | 2015 |
| Системный номер авторитетной/нормативной записи | 549349 |
| Идентификатор авторитетной/нормативной записи | RU\NLR\AUTH\880442697 |
| 942 ## - ДОПОЛНИТЕЛЬНЫЕ ЭЛЕМЕНТЫ ЗАПИСИ (АБИС) | |
| Тип экземпляра АБИС | Книга |
| 980 ## - КОЛЛЕКЦИЯ | |
| Название коллекции | НБР |
Нет доступных экземпляров.